000 004330000a22001570004500
005 20120302055922.0
942 _cBOOK
100 _a Gupt,Parameshwarilal
245 _a Bhaaratiya Vaastukalaa:Vyaakhyaa,Siddhanta,Saundarya Prakshepan
260 _aVaranasi:Vishwa Vidyaalaya Prakaashan,1999.
300 _a219p.
040 _aHIN
650 _aVaastushaastra
650 _aKalaa-Vaastukalaa
650 _aBhaaratiya Vaasatukalaa
999 _c349731
_d349728